000 00430nam a2200169Ia 4500
008 230711s9999||||xx |||||||||||||| ||und||
020 _a978-0-07-015131-4
041 _aENG
082 _a621.4021
_bNA-T
100 _aNag,P.K
245 0 _aBasic and applied thermodynamics
250 _a2nd
260 _c2010
_aNew Delhi
_bTata McGraw Hill Education Limited
300 _a846
650 _aMechanical Engineering
942 _cBK
999 _c5525
_d5525